| 000 | 00790nam a22002297a 4500 | ||
|---|---|---|---|
| 005 | 20110125121625.0 | ||
| 008 | 110125t xxu||||| |||| 00| 0 eng d | ||
| 010 | _aENG-101955 | ||
| 020 |
_a9788174467478 _c375.00 |
||
| 035 | _aEN-85488 | ||
| 037 | _bDBAD/PUB | ||
| 040 |
_adpl _bEng |
||
| 082 | _a658.1 | ||
| 100 |
_aRao, V.S.P. _925528 |
||
| 245 |
_aOrganisational behaviour / _cby V. S. P. Rao |
||
| 260 |
_aNew Delhi _bExcel Books _c2010 (repr.) |
||
| 270 |
_aA-45, Naraina, Phase-1 _bNew Delhi _e110028 |
||
| 300 |
_axiv,697p. : _c28cm (pbk) _bill. |
||
| 500 | _aIncludes index | ||
| 942 |
_2ddc _cEN _h658.1 _mRAO |
||
| 999 |
_c50086 _d50086 |
||